|
|
|
|
| LEADER |
00000naa2a2200000 4500 |
| 001 |
155556 |
| 005 |
20251204133520.0 |
| 035 |
|
|
|a (RuTPU)RU\TPU\book\168734
|
| 090 |
|
|
|a 155556
|
| 100 |
|
|
|a 20090317d2008 k y0rusy50 ca
|
| 101 |
0 |
|
|a rus
|
| 102 |
|
|
|a RU
|
| 200 |
1 |
|
|a Анализ взаимодействия дисперсного тела с наклонной поверхностью
|f К. В. Некрасова [и др.]
|
| 320 |
|
|
|a Библиогр.: 1 назв.
|
| 337 |
|
|
|a Adobe Reader.
|
| 463 |
|
1 |
|0 (RuTPU)RU\TPU\book\162397
|t Энергетика: экология, надежность, безопасность
|o материалы докладов 14 Всероссийской научно-технической конференции, 9-11 декабря 2008 г., Томск
|f Томский политехнический университет (ТПУ) [и др.] ; под ред. В. В. Литвака [и др.]
|d 2008
|
| 610 |
1 |
|
|a поверхности
|
| 610 |
1 |
|
|a дисперсные тела
|
| 610 |
1 |
|
|a пылевая техника
|
| 610 |
1 |
|
|a дисперсные материалы
|
| 610 |
1 |
|
|a пылеулавливание
|
| 610 |
1 |
|
|a аутогезионные свойства
|
| 610 |
1 |
|
|a газоочистка
|
| 610 |
1 |
|
|a слипаемость
|
| 610 |
1 |
|
|a порошки
|
| 610 |
1 |
|
|a труды учёных ТПУ
|
| 610 |
1 |
|
|a электронный ресурс
|
| 675 |
|
|
|a 621.928.93
|v 3
|
| 701 |
|
1 |
|a Некрасова
|b К. В.
|
| 701 |
|
1 |
|a Разва
|b А. С.
|c специалист в области теплотехники
|c старший преподаватель Томского политехнического университета, кандидат технических наук
|f 1983-
|g Александр Сергеевич
|3 (RuTPU)RU\TPU\pers\26188
|
| 701 |
|
1 |
|a Зыков
|b Е. Г.
|
| 701 |
|
1 |
|a Василевский
|b М. В.
|c специалист в области экологии и безопасности жизнедеятельности
|c доцент Томского политехнического университета, кандидат технических наук
|f 1940-
|g Михаил Викторович
|3 (RuTPU)RU\TPU\pers\26189
|
| 801 |
|
1 |
|a RU
|b 63413507
|c 20090317
|g PSBO
|
| 801 |
|
2 |
|a RU
|b 63413507
|c 20140604
|g PSBO
|
| 856 |
4 |
|
|u http://www.lib.tpu.ru/fulltext/m/2009/m19.pdf#page=142
|
| 942 |
|
|
|c CF
|